000 00729nam a2200229Ii 4500
003 JO-AjNU
008 230605s9999||||xx |||||||||||||| ||und||
017 _a22/0863
020 _a9960-9329-3-1
040 _aJO-AjNU
_bara
_erda
_cJO-AjNU
041 _aara
050 1 4 _aRC889 2001
100 3 _aكمال، خالد بكر,
_eauthor
_939861
245 0 0 _aكيفية التغلب على الضعف الجنسي
250 _aط1
264 3 1 _aالمدينة المنورة: دار الزمان للنشر والتوزيع، 2001
300 _a159ص
336 _atext
_btxt
_2rdacontent
337 _aunmediated
_bn
_2rdamedia
338 _avolume
_bnc
_2rdacarrier
650 4 _aالضعف الجنسي - علاج
_939862
999 _aA16870
_c20438
_d20438